| 000 | 00431nam a2200157Ia 4500 | ||
|---|---|---|---|
| 008 | 160316s1998 xxu||||| |||| 00| 0 eng d | ||
| 082 |
_a303.400000 _bGOO |
||
| 100 | _aGood James | ||
| 245 | _aThe politics of postmodernity | ||
| 250 | _a | ||
| 260 |
_aCambridge _bCambridge University Press _c1998 |
||
| 300 |
_a232p _b _cviii |
||
| 365 | _bRs.922.05 | ||
| 650 | _a1. Postmodernism - Political Aspects | ||
| 700 |
_aVelody Irving _a |
||
| 999 |
_c13735 _d13735 |
||